000
00340 a2200157 4500
001
59915
020
_a
9783440115688
040
_c
Anchieta - Pituba
100
_a
Erlhoff, Kari
240
1
0
_a
Tödliches eis
_l
por
245
1
0
_a
Tödliches eis
300
_a
128
362
0
_a
2008
650
4
_a
Literatura juvenil em alemão
942
_c
BK
999
_c
59915
_d
59915